Catalunya i la inquisició / (Record no. 64872)

MARC details
000 -LEADER
campo de control de longitud fija 00657nam a2200205 i 4500
001 - NÚMERO DE CONTROL
campo de control 64872
003 - IDENTIFICADOR DE NÚMERO DE CONTROL
campo de control ES-MaACL
005 - FECHA Y HORA DE LA ÚLTIMA TRANSACCIÓN
campo de control 20260115175400.0
007 - CAMPO FIJO DE DESCRIPCIÓN FÍSICA--INFORMACIÓN GENERAL
campo de control de longitud fija t|
008 - DATOS DE LONGITUD FIJA--INFORMACIÓN GENERAL
campo de control de longitud fija 040107s1973 sp ||||1| cat d
100 1# - ENTRADA PRINCIPAL--NOMBRE DE PERSONA
Nombre de persona Fort i Cogul, Eufemià,
Fechas asociadas al nombre 1908-1979
9 (RLIN) 51838
245 10 - MENCIÓN DEL TÍTULO
Título Catalunya i la inquisició /
Mención de responsabilidad, etc. Eufemia Fort i Cogul.
260 ## - PUBLICACIÓN, DISTRIBUCIÓN, ETC.
Lugar de publicación, distribución, etc. Barcelona :
Nombre del editor, distribuidor, etc. Aedos,
Fecha de publicación, distribución, etc. [1973]
300 ## - DESCRIPCIÓN FÍSICA
Extensión 333 p., 6 lám. ;
Dimensiones 22 cm.
490 1# - MENCIÓN DE SERIE
Mención de serie Biblioteca Biográfica Catalana ;
Designación de volumen o secuencia 51
650 #7 - PUNTO DE ACCESO ADICIONAL DE MATERIA--TÉRMINO DE MATERIA
Término de materia o nombre geográfico como elemento de entrada Inquisición-
Subdivisión geográfica Cataluña
Fuente del encabezamiento o término
9 (RLIN) 159520
830 00 - PUNTO DE ACCESO ADICIONAL DE SERIE-TÍTULO UNIFORME
Título uniforme Biblioteca biográfica catalana
Designación de volumen o secuencia 51
9 (RLIN) 181786
852 ## - LOCALIZACIÓN
Ubicación ES-MaACL
Número de control de estantería C-53880
Sublocalización o colección R.86740
Holdings
Estatus retirado Estado de pérdida Estado de daño No para préstamo Biblioteca de origen Biblioteca actual Ubicación en estantería Fecha de adquisición Fuente de adquisición Total de préstamos Signatura topográfica completa Código de barras Visto por última vez Precio de reemplazo Tipo de ítem Koha
        Biblioteca del Ateneo de Madrid Biblioteca del Ateneo de Madrid Depósito 2 17/01/2008     C-53880 1067975 23/02/2023 23/02/2023 Libro impreso